Logistics development in ASEAN : (Record no. 3299)
[ view plain ]
| 000 -LEADER | |
|---|---|
| fixed length control field | 02457nam a2200385 i 4500 |
| 006 - FIXED-LENGTH DATA ELEMENTS--ADDITIONAL MATERIAL CHARACTERISTICS--GENERAL INFORMATION | |
| fixed length control field | m|||||o||d|||||||| |
| 007 - PHYSICAL DESCRIPTION FIXED FIELD--GENERAL INFORMATION | |
| fixed length control field | cr|||||||||||| |
| 008 - FIXED-LENGTH DATA ELEMENTS--GENERAL INFORMATION | |
| fixed length control field | 190108s2019||||si o ||1 0|eng|d |
| 020 ## - INTERNATIONAL STANDARD BOOK NUMBER | |
| International Standard Book Number | 9789814818087 (ebook) |
| 040 ## - CATALOGING SOURCE | |
| Original cataloging agency | IMU Kochi Library |
| Language of cataloging | eng |
| 041 0# - LANGUAGE CODE | |
| Language code of text/sound track or separate title | eng |
| 082 04 - DEWEY DECIMAL CLASSIFICATION NUMBER | |
| Classification number | 658.7/2 |
| Edition number | 23 |
| 100 1# - MAIN ENTRY--PERSONAL NAME | |
| Personal name | Tham, Siew Yean, |
| 245 10 - TITLE STATEMENT | |
| Title | Logistics development in ASEAN : |
| Sub Title | complex challenges ahead / |
| 300 ## - PHYSICAL DESCRIPTION | |
| Extent | 1 online resource (36 pages) : |
| Other physical details | digital, PDF file(s). |
| 490 1# - SERIES STATEMENT | |
| Series statement | Trends in Southeast Asia ; |
| Volume number/sequential designation | 2018 no. 18 |
| 500 ## - GENERAL NOTE | |
| General note | Title from publisher's bibliographic system (viewed on 20 Feb 2019). |
| 520 ## - SUMMARY, ETC. | |
| Summary, etc | Growing urbanization, increasing trade and investment due to integration, and emerging new business models like e-commerce are accelerating the demand for efficient logistics in each ASEAN country. The logistics sector is inherently complex due to its scope, ranging from physical infrastructure covering four modes of transport, customs, and services. Each of these sub-sectors is regulated by different government agencies, leading to complex challenges in each country's logistics sector. Policymaking has a tendency to be done piecemeal rather than integratively, while a more or less fragmented governance structure impedes implementation. ASEAN liberalization commitments focusses on raising the cap on foreign equity, while regulatory reform remains untouched. Also, flexibility offered in these commitments allows for non-compliance. Going forward, developing seamless logistics requires ASEAN countries to first overcome their domestic challenges. Each country needs to develop comprehensive plans, and effective implementation of these is essential. Liberalization commitments should complement domestic reforms in each country. |
| 650 #0 - SUBJECT ADDED ENTRY--TOPICAL TERM | |
| Topical term or geographic name as entry element | Business logistics |
| Geographic subdivision | Southeast Asia. |
| 650 #0 - SUBJECT ADDED ENTRY--TOPICAL TERM | |
| Topical term or geographic name as entry element | Infrastructure (Economics) |
| Geographic subdivision | Southeast Asia. |
| 650 #0 - SUBJECT ADDED ENTRY--TOPICAL TERM | |
| Topical term or geographic name as entry element | Transportation |
| Geographic subdivision | Southeast Asia. |
| 700 1# - ADDED ENTRY--PERSONAL NAME | |
| Personal name | Basu Das, Sanchita, |
| Relator term | |
| 830 #0 - SERIES ADDED ENTRY--UNIFORM TITLE | |
| Uniform title | Trends in Southeast Asia ; |
| Volume number/sequential designation | 2018 no. 18. |
| 852 ## - LOCATION/CALL NUMBER | |
| Location | IMU Kochi Library |
| 856 40 - ELECTRONIC LOCATION AND ACCESS | |
| Uniform Resource Identifier | <a href="https://www.cambridge.org/core/product/identifier/9789814818087/type/BOOK">https://www.cambridge.org/core/product/identifier/9789814818087/type/BOOK</a> |
| 904 ## - LOCAL DATA ELEMENT D, LDD (RLIN) | |
| CATALOGER | Rudra Ranjan |
| 905 ## - LOCAL DATA ELEMENT E, LDE (RLIN) | |
| VERIFIER | Rudra Ranjan |
| 942 ## - ADDED ENTRY ELEMENTS (KOHA) | |
| Item type | E-Book |
| 264 #1 - | |
| -- | Singapore : |
| -- | ISEAS-Yusof Ishak Institute, |
| -- | 2019. |
| 338 ## - | |
| -- | online resource |
No items available.